[Event "Sofia Spring op 1st"]
[Site "Sofia"]
[Date "2025.05.27"]
[Round "7"]
[White "Dehtiarov, Roman"]
[Black "Tilicheev, Viacheslav"]
[Result "1-0"]
[WhiteElo "2405"]
[BlackElo "2428"]
[PlyCount "109"]
[EventDate "2025.05.23"]
[EventType "swiss"]
[EventRounds "9"]
[EventCountry "BUL"]
[SourceTitle "CB23_2025"]
[SourceDate "2025.06.04"]
[SourceVersion "1"]
[SourceVersionDate "2025.06.04"]
[SourceQuality "1"]

1. e4 d6 2. d4 Nf6 3. Nc3 e5 4. Nf3 Nbd7 5. Bc4 Be7 6. 0-0 0-0 7. Re1 a6 8. a4 b6 9. Ne2 c6 10. Ng3 d5 11. dxe5 dxc4 12. exf6 Bxf6 13. Nh5 Ne5 14. Nxf6+ Qxf6 15. Nxe5 Qxe5 16. f4 Qe7 17. Qe2 b5 18. f5 Re8 19. Qf2 f6 20. Ra3 Qe5 21. Bd2 Qxb2 22. Rg3 b4 23. Qc5 Qe5 24. Qxc4+ Kh8 25. Qf7 Qc5+ 26. Kf1 Qf8 27. Rxg7 Bxf5 28. Qxf8+ Rxf8 29. Bxb4 Rfb8 30. Rc7 Rxb4 31. exf5 Rxa4 32. g3 Ra5 33. g4 h5 34. Re6 Rf8 35. Ree7 Rd8 36. Rxc6 hxg4 37. Rxf6 Kg8 38. Ke2 Rdd5 39. Ref7 Re5+ 40. Kd2 Rad5+ 41. Kc1 Rd6 42. Rf8+ Kg7 43. R8f7+ Kg8 44. Rf8+ Kg7 45. Rxd6 Kxf8 46. Rxa6 Rxf5 47. Ra4 Rh5 48. Rxg4 Rxh2 49. Re4 Kf7 50. Kb2 Rh3 51. c3 Kf6 52. Kb3 Kf5 53. Re8 Kf6 54. Kb4 Kf7 55. Re4 1-0

[Event "Sofia Spring op 1st"]
[Site "Sofia"]
[Date "2025.05.24"]
[Round "3"]
[White "Mehmed, Elif"]
[Black "Tilicheev, Viacheslav"]
[Result "1/2-1/2"]
[WhiteElo "2248"]
[BlackElo "2428"]
[PlyCount "58"]
[EventDate "2025.05.23"]
[EventType "swiss"]
[EventRounds "9"]
[EventCountry "BUL"]
[SourceTitle "CB23_2025"]
[SourceDate "2025.06.04"]
[SourceVersion "1"]
[SourceVersionDate "2025.06.04"]
[SourceQuality "1"]

1. Nf3 d5 2. b3 Bg4 3. Bb2 Nd7 4. d3 Bxf3 5. exf3 e5 6. Qe2 Bd6 7. f4 Qe7 8. fxe5 Bxe5 9. d4 Bd6 10. c4 Ngf6 11. Nc3 c6 12. 0-0-0 0-0 13. Qxe7 Bxe7 14. Be2 Rfe8 15. Rhe1 Bb4 16. Bd3 Ng4 17. Rxe8+ Rxe8 18. Rf1 Nxh2 19. Rh1 Ng4 20. Bxh7+ Kf8 21. Bf5 Ndf6 22. Nd1 Kg8 23. f3 Ne3 24. Nxe3 Rxe3 25. Bc8 Re7 26. c5 Rc7 27. Bf5 Re7 28. Bc8 Rc7 29. Bf5 Re7 1/2-1/2

[Event "Izmir Arena IM 13"]
[Site "Izmir"]
[Date "2025.03.20"]
[Round "8"]
[White "Krallis, Christos"]
[Black "Tilicheev, Viacheslav"]
[Result "1/2-1/2"]
[WhiteElo "2383"]
[BlackElo "2426"]
[PlyCount "42"]
[EventDate "2025.03.16"]
[EventType "tourn"]
[EventRounds "9"]
[EventCountry "TUR"]
[SourceTitle "CB13_2025"]
[SourceDate "2025.03.26"]
[SourceVersion "1"]
[SourceVersionDate "2025.03.26"]
[SourceQuality "1"]

1. e4 e6 2. d4 d5 3. Nc3 Nf6 4. Bg5 dxe4 5. Nxe4 Be7 6. Bxf6 gxf6 7. Nf3 f5 8. Nc3 a6 9. g3 b5 10. Bg2 Bb7 11. 0-0 0-0 12. Ne5 Bxg2 13. Kxg2 b4 14. Na4 Qd5+ 15. Qf3 Qxf3+ 16. Nxf3 Nd7 17. Rac1 Rfc8 18. Rcd1 Rd8 19. Rc1 Rdc8 20. Rcd1 Rd8 21. Rc1 Rdc8 1/2-1/2

[Event "Izmir Arena IM 13"]
[Site "Izmir"]
[Date "2025.03.18"]
[Round "5"]
[White "Tilicheev, Viacheslav"]
[Black "Schekachikhin, Maksim"]
[Result "1/2-1/2"]
[WhiteElo "2426"]
[BlackElo "2371"]
[PlyCount "33"]
[EventDate "2025.03.16"]
[EventType "tourn"]
[EventRounds "9"]
[EventCountry "TUR"]
[SourceTitle "CB13_2025"]
[SourceDate "2025.03.26"]
[SourceVersion "1"]
[SourceVersionDate "2025.03.26"]
[SourceQuality "1"]

1. d4 d5 2. c4 c6 3. Nf3 Nf6 4. e3 Bg4 5. h3 Bh5 6. cxd5 Bxf3 7. Qxf3 cxd5 8. Bd3 e6 9. 0-0 Nc6 10. Nc3 Bd6 11. Rd1 0-0 12. Bd2 Rc8 13. Be1 Nb4 14. Bb1 Nc6 15. Bd3 Nb4 16. Bb1 Nc6 17. Bd3 1/2-1/2

[Event "Izmir Arena IM 13"]
[Site "Izmir"]
[Date "2025.03.18"]
[Round "4"]
[White "Tirpan, Ceren"]
[Black "Tilicheev, Viacheslav"]
[Result "0-1"]
[WhiteElo "1996"]
[BlackElo "2426"]
[PlyCount "46"]
[EventDate "2025.03.16"]
[EventType "tourn"]
[EventRounds "9"]
[EventCountry "TUR"]
[SourceTitle "CB13_2025"]
[SourceDate "2025.03.26"]
[SourceVersion "1"]
[SourceVersionDate "2025.03.26"]
[SourceQuality "1"]

1. c4 e6 2. Nf3 Nf6 3. g3 d5 4. Bg2 Nc6 5. d4 Be7 6. 0-0 0-0 7. b3 b6 8. Nbd2 Bb7 9. Bb2 a5 10. a3 Nb8 11. Qc2 Nbd7 12. Rac1 c5 13. e3 Qb8 14. Rfd1 a4 15. Ne5 axb3 16. Qxb3 dxc4 17. Ndxc4 Bxg2 18. Kxg2 b5 19. Nxd7 Nxd7 20. Ne5 c4 21. Qc3 Qb7+ 22. Kg1 Nb6 23. Rb1 f6 0-1

[Event "Izmir Arena IM 12"]
[Site "Izmir"]
[Date "2025.03.14"]
[Round "8"]
[White "Fedosov, Alexander"]
[Black "Tilicheev, Viacheslav"]
[Result "1/2-1/2"]
[WhiteElo "2109"]
[BlackElo "2426"]
[PlyCount "61"]
[EventDate "2025.03.11"]
[EventType "tourn"]
[EventRounds "9"]
[EventCountry "TUR"]
[SourceTitle "CB13_2025"]
[SourceDate "2025.03.26"]
[SourceVersion "1"]
[SourceVersionDate "2025.03.26"]
[SourceQuality "1"]

1. d4 d5 2. c4 e6 3. Nf3 Nf6 4. Nc3 dxc4 5. e4 b5 6. e5 Nd5 7. Nxb5 Nb6 8. Be2 Nc6 9. Nc3 Bb7 10. 0-0 Be7 11. Qd2 0-0 12. Qf4 f5 13. exf6 Bxf6 14. Qe4 Qe7 15. Be3 Rad8 16. Rad1 Ba8 17. Qg4 Nb4 18. Ne4 N4d5 19. Nxf6+ Nxf6 20. Qh4 Bd5 21. Ne5 Qb4 22. b3 cxb3 23. axb3 Nbd7 24. Bc4 Qb7 25. Qh3 Rde8 26. Bd3 Be4 27. Nxd7 Nxd7 28. Bxe4 Qxe4 29. d5 Nb6 30. Bc5 Rf5 31. Bxb6 1/2-1/2

[Event "Izmir Arena IM 12"]
[Site "Izmir"]
[Date "2025.03.12"]
[Round "3"]
[White "Gagic, Milan A"]
[Black "Tilicheev, Viacheslav"]
[Result "1/2-1/2"]
[WhiteElo "2309"]
[BlackElo "2426"]
[PlyCount "96"]
[EventDate "2025.03.11"]
[EventType "tourn"]
[EventRounds "9"]
[EventCountry "TUR"]
[SourceTitle "CB13_2025"]
[SourceDate "2025.03.26"]
[SourceVersion "1"]
[SourceVersionDate "2025.03.26"]
[SourceQuality "1"]

1. e4 e6 2. d4 d5 3. Nc3 Nf6 4. e5 Nfd7 5. Nce2 c5 6. c3 cxd4 7. cxd4 f6 8. Nf4 Bb4+ 9. Bd2 Qb6 10. Nf3 fxe5 11. dxe5 0-0 12. Nd3 Bxd2+ 13. Qxd2 Nc6 14. Be2 Rf5 15. g4 Rf8 16. 0-0 Nc5 17. Nxc5 Qxc5 18. Rac1 Qe7 19. a3 Bd7 20. b4 a6 21. a4 Qxb4 22. Qxb4 Nxb4 23. Rc7 Bxa4 24. Ng5 Bc6 25. Nxe6 Rfe8 26. Nxg7 Rxe5 27. Bd1 a5 28. Nh5 Rf8 29. f4 Rxh5 30. gxh5 Rf7 31. Rxf7 Kxf7 32. Rf3 d4 33. Rg3 a4 34. h6 Kf6 35. Kf2 d3 36. Ke3 a3 37. Bb3 a2 38. Bxa2 Nxa2 39. Kxd3 Nb4+ 40. Kc4 Nc2 41. Kd3 Ne1+ 42. Ke2 Ng2 43. Rg7 Nxf4+ 44. Ke3 Ng2+ 45. Kd4 Nh4 46. Rxh7 Nf5+ 47. Kc5 Kg6 48. Rc7 Nxh6 1/2-1/2

[Event "Izmir Arena IM 12"]
[Site "Izmir"]
[Date "2025.03.12"]
[Round "4"]
[White "Tilicheev, Viacheslav"]
[Black "Tirpan, Ceren"]
[Result "1-0"]
[WhiteElo "2426"]
[BlackElo "1996"]
[PlyCount "81"]
[EventDate "2025.03.11"]
[EventType "tourn"]
[EventRounds "9"]
[EventCountry "TUR"]
[SourceTitle "CB13_2025"]
[SourceDate "2025.03.26"]
[SourceVersion "1"]
[SourceVersionDate "2025.03.26"]
[SourceQuality "1"]

1. Nf3 Nf6 2. g3 g6 3. Bg2 Bg7 4. 0-0 0-0 5. d4 d6 6. Nc3 d5 7. Re1 b6 8. e4 dxe4 9. Ng5 Bb7 10. Ncxe4 Qc8 11. Nxf6+ exf6 12. Nf3 Nd7 13. Bf4 f5 14. Ne5 Bxg2 15. Kxg2 Nxe5 16. Bxe5 Bxe5 17. Rxe5 Re8 18. Qf3 Rxe5 19. dxe5 Rb8 20. Qc6 Qb7 21. Qxb7 Rxb7 22. Rd1 Kf8 23. Rd7 h6 24. Kf3 b5 25. Kf4 b4 26. e6 fxe6 27. Ke5 Ke8 28. Rh7 Rb5+ 29. Kxe6 Rb6+ 30. Ke5 Rc6 31. c3 bxc3 32. bxc3 Kf8 33. Kd4 Kg8 34. Rd7 Ra6 35. Rxc7 Rxa2 36. f4 Rxh2 37. Rxa7 Rg2 38. c4 Rxg3 39. c5 Kf8 40. c6 Ke8 41. Ra8+ 1-0

[Event "Izmir Arena IM 12"]
[Site "Izmir"]
[Date "2025.03.11"]
[Round "2"]
[White "Tilicheev, Viacheslav"]
[Black "Yildiz, Serdar Murat"]
[Result "1-0"]
[WhiteElo "2426"]
[BlackElo "2261"]
[PlyCount "69"]
[EventDate "2025.03.11"]
[EventType "tourn"]
[EventRounds "9"]
[EventCountry "TUR"]
[SourceTitle "CB13_2025"]
[SourceDate "2025.03.26"]
[SourceVersion "1"]
[SourceVersionDate "2025.03.26"]
[SourceQuality "1"]

1. d4 Nf6 2. Nf3 b6 3. c4 e6 4. Bf4 Bb7 5. e3 Bb4+ 6. Nfd2 0-0 7. a3 Bxd2+ 8. Qxd2 Ne4 9. Qc2 f5 10. d5 g5 11. Bg3 exd5 12. cxd5 Nxg3 13. hxg3 Bxd5 14. Bd3 Qf6 15. g4 Be6 16. Nc3 Nc6 17. gxf5 Bxf5 18. Ne4 Qg7 19. g4 Bxg4 20. Nxg5 h5 21. Qc4+ Rf7 22. Qxf7+ Qxf7 23. Nxf7 Kxf7 24. f3 Ne5 25. Be4 Re8 26. fxg4 Nxg4 27. Bd5+ Kg6 28. Kd2 Rxe3 29. Rag1 Re5 30. Bf3 Kg5 31. Bxg4 hxg4 32. Rh7 Rd5+ 33. Ke3 Re5+ 34. Kd4 Re2 35. Kc3 1-0

[Event "Vandoeuvre op 21st"]
[Site "Vandoeuvre"]
[Date "2024.12.26"]
[Round "1"]
[White "Pucher, Sebastien"]
[Black "Tilicheev, Viacheslav"]
[Result "1-0"]
[WhiteElo "2164"]
[BlackElo "2439"]
[PlyCount "113"]
[EventDate "2024.12.26"]
[EventType "swiss"]
[EventRounds "9"]
[EventCountry "FRA"]
[SourceTitle "CB04_2025"]
[SourceDate "2025.01.22"]
[SourceVersion "1"]
[SourceVersionDate "2025.01.22"]
[SourceQuality "1"]

1. Nf3 e6 2. c4 g5 3. d4 g4 4. Ne5 h5 5. h3 d6 6. Nd3 Bg7 7. hxg4 hxg4 8. Rxh8 Bxh8 9. e4 Qh4 10. Be3 Nc6 11. d5 Ne5 12. Nc3 Bd7 13. Nxe5 Bxe5 14. Qb3 b6 15. Nb5 Kd8 16. 0-0-0 g3 17. f3 Bf4 18. Kb1 e5 19. Bxf4 Qxf4 20. c5 bxc5 21. Nxa7 f5 22. Qb7 Rxa7 23. Qxa7 Nf6 24. Qb8+ Ke7 25. Bd3 fxe4 26. fxe4 c4 27. Bc2 Qf2 28. Qh8 Kf7 29. Qh1 Bg4 30. Re1 Be2 31. Rc1 Kg6 32. a4 Bd3 33. Qh3 Nxe4 34. Qg4+ Ng5 35. Qxc4 Bxc2+ 36. Rxc2 Qe1+ 37. Ka2 Qa5 38. Qb5 Qa7 39. b3 e4 40. Qe8+ Kh6 41. Qh8+ Kg6 42. Qc3 Qf2 43. Rxf2 gxf2 44. Qc4 e3 45. a5 Kh6 46. a6 Ne4 47. a7 e2 48. Qxe4 e1Q 49. Qf4+ Kh7 50. Qh4+ Kg6 51. Qg4+ Kh6 52. Qf4+ Kh7 53. a8Q f1Q 54. Qh2+ Kg6 55. Qg8+ Kf5 56. Qgh7+ Kg5 57. Q2h6+ 1-0

[Event "Bundesliga 2425"]
[Site "Germany"]
[Date "2024.11.30"]
[Round "3.6"]
[White "Tilicheev, Viacheslav"]
[Black "Stevic, Hrvoje"]
[Result "1/2-1/2"]
[WhiteElo "2438"]
[BlackElo "2531"]
[PlyCount "54"]
[EventDate "2024.09.28"]
[EventType "team-tourn"]
[EventRounds "15"]
[EventCountry "GER"]
[SourceTitle "CB49_2024"]
[SourceDate "2024.12.04"]
[SourceVersion "1"]
[SourceVersionDate "2024.12.04"]
[SourceQuality "1"]
[WhiteTeam "Deggendorf"]
[BlackTeam "Kirchweyhe"]
[WhiteTeamCountry "GER"]
[BlackTeamCountry "GER"]

1. d4 d5 2. c4 dxc4 3. e4 e5 4. Nf3 Bb4+ 5. Bd2 Bxd2+ 6. Nbxd2 exd4 7. Bxc4 Nc6 8. 0-0 Nge7 9. Ng5 Ne5 10. Bb3 N7c6 11. f4 Bg4 12. Qe1 h6 13. Qg3 hxg5 14. fxe5 Be6 15. Bxe6 fxe6 16. Nf3 Qe7 17. Nxg5 Rh5 18. Qb3 Qxg5 19. Qxb7 Qe3+ 20. Kh1 Nd8 21. Qxa8 Qh6 22. Rf8+ Kxf8 23. Qxd8+ Kf7 24. Rf1+ Kg6 25. Qe8+ Kh7 26. h3 Rxh3+ 27. gxh3 Qxh3+ 1/2-1/2

[Event "Copenhagen Atina op"]
[Site "Copenhagen"]
[Date "2024.11.08"]
[Round "1"]
[White "Tilicheev, Viacheslav"]
[Black "Molvig, Henrik"]
[Result "1-0"]
[WhiteElo "2437"]
[BlackElo "2073"]
[PlyCount "51"]
[EventDate "2024.11.08"]
[EventType "swiss"]
[EventRounds "7"]
[EventCountry "DEN"]
[SourceTitle "CB45_2024"]
[Source "ChessBase"]
[SourceDate "2024.11.06"]
[SourceVersion "1"]
[SourceVersionDate "2024.11.06"]
[SourceQuality "1"]

1. e4 c5 2. Nf3 d6 3. d4 cxd4 4. Nxd4 Nf6 5. Nc3 a6 6. h4 Qc7 7. h5 h6 8. Be2 b5 9. a4 b4 10. Nd5 Nxd5 11. exd5 Bb7 12. 0-0 Nd7 13. c4 bxc3 14. bxc3 Bxd5 15. Nb5 axb5 16. Qxd5 Rxa4 17. Rxa4 bxa4 18. Qa8+ Qd8 19. Qxa4 e6 20. Be3 d5 21. Rb1 Bd6 22. Rb7 Bc7 23. Bb5 Qc8 24. Qa7 Kd8 25. Bxd7 Qxd7 26. Rxc7 1-0

[Event "Plovdiv Tringov Memorial 46th"]
[Site "Plovdiv"]
[Date "2024.08.18"]
[Round "9"]
[White "Tilicheev, Viacheslav"]
[Black "Ondozi, Murtez"]
[Result "1/2-1/2"]
[WhiteElo "2436"]
[BlackElo "2368"]
[PlyCount "23"]
[EventDate "2024.08.11"]
[EventType "swiss"]
[EventRounds "9"]
[EventCountry "BUL"]
[SourceTitle "CBM 221 Extra"]
[Source "ChessBase"]
[SourceDate "2024.09.30"]
[SourceVersion "1"]
[SourceVersionDate "2024.09.30"]
[SourceQuality "1"]

1. e4 d5 2. exd5 Qxd5 3. Nc3 Qd8 4. d4 Nf6 5. Nf3 e6 6. Bg5 Be7 7. Qd2 b6 8. 0-0-0 Bb7 9. Bb5+ c6 10. Bd3 h6 11. Bxf6 gxf6 12. Qf4 1/2-1/2

[Event "Plovdiv Vanev Memorial 4th"]
[Site "Plovdiv"]
[Date "2024.08.17"]
[Round "9"]
[White "Tilicheev, Viacheslav"]
[Black "Markidis, Konstantinos"]
[Result "1-0"]
[WhiteElo "2436"]
[BlackElo "2246"]
[PlyCount "93"]
[EventDate "2024.08.17"]
[EventType "swiss (rapid)"]
[EventRounds "9"]
[EventCountry "BUL"]
[SourceTitle "CBM 221 Extra"]
[Source "ChessBase"]
[SourceDate "2024.09.30"]
[SourceVersion "1"]
[SourceVersionDate "2024.09.30"]
[SourceQuality "1"]

1. d4 Nf6 2. c4 e6 3. g3 d5 4. Nf3 Be7 5. Bg2 0-0 6. Nc3 Nbd7 7. Qd3 c6 8. 0-0 a5 9. e4 b6 10. Rd1 Ba6 11. b3 b5 12. Qc2 b4 13. e5 bxc3 14. exf6 Bxf6 15. Qxc3 Qb6 16. Be3 Qb4 17. Qxb4 axb4 18. c5 e5 19. dxe5 Nxe5 20. Nd4 Bb7 21. Bh3 h5 22. Nc2 Bc8 23. Bxc8 Rfxc8 24. Nxb4 Nf3+ 25. Kg2 Bxa1 26. Rxa1 Ne5 27. Bd4 Nd7 28. Nc2 Re8 29. Kf1 Ne5 30. Bxe5 Rxe5 31. Nd4 Re4 32. Nxc6 Rc8 33. f3 Ree8 34. Nd4 Rxc5 35. Rd1 g6 36. Kf2 Rc3 37. Rd2 Rec8 38. a4 Rb8 39. a5 Rcxb3 40. Nxb3 Rxb3 41. Ra2 Rb7 42. a6 Ra7 43. Ke3 Kf8 44. Kd4 Ke7 45. Kc5 Rc7+ 46. Kb6 Kd7 47. a7 1-0

[Event "Plovdiv Vanev Memorial 4th"]
[Site "Plovdiv"]
[Date "2024.08.17"]
[Round "7"]
[White "Tilicheev, Viacheslav"]
[Black "Valev, Valentin"]
[Result "1/2-1/2"]
[WhiteElo "2436"]
[BlackElo "2128"]
[PlyCount "81"]
[EventDate "2024.08.17"]
[EventType "swiss (rapid)"]
[EventRounds "9"]
[EventCountry "BUL"]
[SourceTitle "CBM 221 Extra"]
[Source "ChessBase"]
[SourceDate "2024.09.30"]
[SourceVersion "1"]
[SourceVersionDate "2024.09.30"]
[SourceQuality "1"]

1. b3 e5 2. Bb2 Nc6 3. e3 d6 4. Nf3 Bg4 5. h3 Bh5 6. Be2 Bg6 7. c4 Be7 8. d4 exd4 9. Nxd4 Nxd4 10. Bxd4 Nf6 11. Nc3 0-0 12. 0-0 c5 13. Bxf6 Bxf6 14. Rc1 Bxc3 15. Rxc3 Qa5 16. Qd2 Rad8 17. Rd1 Be4 18. Bd3 d5 19. Bxe4 dxe4 20. Rd3 Rxd3 21. Qxa5 Rxd1+ 22. Kh2 b6 23. Qxa7 Rd6 24. Qe7 Re6 25. Qc7 Rfe8 26. a4 R8e7 27. Qd8+ Re8 28. Qd7 R8e7 29. Qb5 Ra7 30. b4 cxb4 31. c5 Ra5 32. Qd7 Ra8 33. Qb7 Ree8 34. cxb6 Rxa4 35. Qc6 Raa8 36. Qb5 Rab8 37. Qxb4 Rb7 38. Qc5 Reb8 39. Qd5 Rxb6 40. Qxe4 Rb4 41. Qf3 1/2-1/2

[Event "Plovdiv Tringov Memorial 46th"]
[Site "Plovdiv"]
[Date "2024.08.13"]
[Round "4"]
[White "Tilicheev, Viacheslav"]
[Black "Nikolov, Momchil"]
[Result "1-0"]
[WhiteElo "2436"]
[BlackElo "2442"]
[PlyCount "79"]
[EventDate "2024.08.11"]
[EventType "swiss"]
[EventRounds "9"]
[EventCountry "BUL"]
[SourceTitle "CBM 221 Extra"]
[Source "ChessBase"]
[SourceDate "2024.09.30"]
[SourceVersion "1"]
[SourceVersionDate "2024.09.30"]
[SourceQuality "1"]

1. d4 Nf6 2. c4 e6 3. Nc3 Bb4 4. e3 0-0 5. Bd3 Re8 6. Nge2 d5 7. cxd5 exd5 8. a3 Bd6 9. Qc2 c6 10. Bd2 a5 11. f3 c5 12. g4 g6 13. g5 cxd4 14. exd4 Nh5 15. Nxd5 Nc6 16. Be4 Be6 17. Ndc3 Bc4 18. Qa4 b5 19. Nxb5 Bxe2 20. Kxe2 Bf4 21. Bxf4 Nxf4+ 22. Kd2 Qxg5 23. Rag1 Qh4 24. Kc2 Rac8 25. Kb1 Qf6 26. Rc1 Ne2 27. Rc4 Ne7 28. Rxc8 Rxc8 29. Re1 Nf4 30. Qxa5 Qh4 31. Qd2 Rb8 32. Nc3 Qf6 33. Ka1 Rd8 34. Rd1 Nc8 35. d5 Nd6 36. Bb1 Qh4 37. Ne4 Nh3 38. Nxd6 Rxd6 39. Re1 Qf6 40. Qh6 1-0

[Event "Plovdiv Tringov Memorial 46th"]
[Site "Plovdiv"]
[Date "2024.08.12"]
[Round "2"]
[White "Tilicheev, Viacheslav"]
[Black "Huhndorf, Arnold"]
[Result "1-0"]
[WhiteElo "2436"]
[BlackElo "2075"]
[PlyCount "37"]
[EventDate "2024.08.11"]
[EventType "swiss"]
[EventRounds "9"]
[EventCountry "BUL"]
[SourceTitle "CBM 221 Extra"]
[Source "ChessBase"]
[SourceDate "2024.09.30"]
[SourceVersion "1"]
[SourceVersionDate "2024.09.30"]
[SourceQuality "1"]

1. e4 c5 2. Nf3 Nc6 3. Bb5 e5 4. 0-0 Bd6 5. d4 Nxd4 6. Bc4 h6 7. Nxd4 cxd4 8. c3 Bc5 9. Qb3 Qe7 10. cxd4 Bxd4 11. Be3 Bxe3 12. fxe3 Nf6 13. Nc3 0-0 14. Nd5 Nxd5 15. Bxd5 d6 16. Rxf7 Rxf7 17. Rf1 Be6 18. Bxe6 Raf8 19. Qd5 1-0

[Event "Paracin op-A 17th"]
[Site "Paracin"]
[Date "2024.07.09"]
[Round "7"]
[White "Tilicheev, Viacheslav"]
[Black "Pranav, KP."]
[Result "1/2-1/2"]
[WhiteElo "2466"]
[BlackElo "2243"]
[PlyCount "41"]
[EventDate "2024.07.03"]
[EventType "swiss"]
[EventRounds "9"]
[EventCountry "SRB"]
[SourceTitle "CBM 221 Extra"]
[Source "ChessBase"]
[SourceDate "2024.09.30"]
[SourceVersion "1"]
[SourceVersionDate "2024.09.30"]
[SourceQuality "1"]

1. d4 Nf6 2. c4 e6 3. Nf3 d5 4. Nc3 Bb4 5. cxd5 exd5 6. Bf4 c6 7. e3 0-0 8. Bd3 Re8 9. 0-0 Nbd7 10. Qc2 Nf8 11. h3 Ne6 12. Be5 g6 13. a3 Bd6 14. b4 a6 15. Rac1 Ng7 16. a4 Bf5 17. b5 axb5 18. axb5 Bxe5 19. dxe5 Bxd3 20. Qxd3 Nd7 21. e4 1/2-1/2

[Event "Paracin op-A 17th"]
[Site "Paracin"]
[Date "2024.07.06"]
[Round "5"]
[White "Tilicheev, Viacheslav"]
[Black "Ivanov, Mikhail M"]
[Result "1/2-1/2"]
[WhiteElo "2466"]
[BlackElo "2252"]
[PlyCount "84"]
[EventDate "2024.07.03"]
[EventType "swiss"]
[EventRounds "9"]
[EventCountry "SRB"]
[SourceTitle "CBM 221 Extra"]
[Source "ChessBase"]
[SourceDate "2024.09.30"]
[SourceVersion "1"]
[SourceVersionDate "2024.09.30"]
[SourceQuality "1"]

1. d4 d5 2. c4 e6 3. Nf3 c6 4. e3 Nf6 5. Bd3 Nbd7 6. 0-0 Ne4 7. Nfd2 f5 8. f3 Nxd2 9. Nxd2 Nf6 10. b3 Bd6 11. Bb2 0-0 12. h3 Bd7 13. Qe1 Nh5 14. g4 Ng3 15. Rf2 h5 16. Rg2 h4 17. f4 fxg4 18. Rxg3 hxg3 19. Qxg3 Qe7 20. Kh1 Rf6 21. Be2 Bb4 22. Nf1 Rh6 23. Bxg4 Qh4 24. Qxh4 Rxh4 25. Nh2 Bd6 26. Nf3 Rh6 27. a4 Be8 28. Ng5 Bf7 29. Ba3 Bxa3 30. Rxa3 Re8 31. c5 Bh5 32. Bxh5 Rxh5 33. b4 e5 34. dxe5 Rxe5 35. fxe5 Rxg5 36. b5 Rxe5 37. bxc6 bxc6 38. Rb3 Re4 39. a5 Rc4 40. Rb7 a6 41. Rb6 Rxc5 42. Rxa6 Rc3 1/2-1/2

[Event "Dimitrovgrad IM-B"]
[Site "Dimitrovgrad"]
[Date "2024.06.10"]
[Round "7"]
[White "Tilicheev, Viacheslav"]
[Black "Djurovic, Peko"]
[Result "1-0"]
[WhiteElo "2477"]
[BlackElo "2292"]
[PlyCount "73"]
[EventDate "2024.06.06"]
[EventType "tourn"]
[EventRounds "9"]
[EventCountry "SRB"]
[SourceTitle "CBM 220 Extra"]
[Source "ChessBase"]
[SourceDate "2024.07.31"]
[SourceVersion "1"]
[SourceVersionDate "2024.07.31"]
[SourceQuality "1"]

1. e4 c5 2. Nf3 Nc6 3. Bb5 g6 4. 0-0 Bg7 5. c3 Nf6 6. Re1 0-0 7. d4 cxd4 8. cxd4 d5 9. e5 Ne4 10. Bxc6 bxc6 11. Be3 f6 12. Nbd2 Bg4 13. exf6 exf6 14. Qc2 Bxf3 15. Nxf3 Qd7 16. Rac1 Rac8 17. Qa4 Rfe8 18. Rc2 Qb7 19. Rec1 Re6 20. Ne1 a6 21. Nd3 Bf8 22. Nf4 Rd6 23. f3 Ng5 24. Nd3 Re6 25. Bd2 Qa7 26. Kf1 Nf7 27. Rxc6 Rcxc6 28. Rxc6 Rxc6 29. Qxc6 Qxd4 30. Qxa6 Bd6 31. Bc3 Qh4 32. h3 Qg5 33. Qc8+ Kg7 34. Qe6 Bg3 35. a4 Bh4 36. Qg4 Qe3 37. Qd4 1-0

[Event "Dimitrovgrad IM-B"]
[Site "Dimitrovgrad"]
[Date "2024.06.09"]
[Round "6"]
[White "Willy, Stephen"]
[Black "Tilicheev, Viacheslav"]
[Result "1/2-1/2"]
[WhiteElo "2046"]
[BlackElo "2477"]
[PlyCount "42"]
[EventDate "2024.06.06"]
[EventType "tourn"]
[EventRounds "9"]
[EventCountry "SRB"]
[SourceTitle "CBM 220 Extra"]
[Source "ChessBase"]
[SourceDate "2024.07.31"]
[SourceVersion "1"]
[SourceVersionDate "2024.07.31"]
[SourceQuality "1"]

1. e4 c6 2. d4 d5 3. Nc3 dxe4 4. Nxe4 Nf6 5. Nxf6+ exf6 6. c3 Bd6 7. Bd3 0-0 8. Qc2 Re8+ 9. Ne2 h5 10. 0-0 h4 11. h3 Nd7 12. Bf4 Nf8 13. Bxd6 Qxd6 14. Rad1 Be6 15. c4 Rac8 16. c5 Qc7 17. Nc3 Qf4 18. Qd2 Qxd2 19. Rxd2 f5 20. b4 Ng6 21. d5 Bxd5 1/2-1/2

[Event "Dimitrovgrad IM-B"]
[Site "Dimitrovgrad"]
[Date "2024.06.08"]
[Round "4"]
[White "Banov, Boil"]
[Black "Tilicheev, Viacheslav"]
[Result "0-1"]
[WhiteElo "1972"]
[BlackElo "2477"]
[PlyCount "58"]
[EventDate "2024.06.06"]
[EventType "tourn"]
[EventRounds "9"]
[EventCountry "SRB"]
[SourceTitle "CBM 220 Extra"]
[Source "ChessBase"]
[SourceDate "2024.07.31"]
[SourceVersion "1"]
[SourceVersionDate "2024.07.31"]
[SourceQuality "1"]

1. e4 c5 2. Nf3 Nc6 3. Bb5 e6 4. Bxc6 bxc6 5. 0-0 Ne7 6. Re1 Ng6 7. c4 e5 8. d3 Be7 9. Nbd2 d6 10. Nf1 f5 11. Ng3 f4 12. Nf5 Bf6 13. Rb1 Nf8 14. Qa4 Qc7 15. b4 g6 16. bxc5 gxf5 17. cxd6 Qxd6 18. d4 Nd7 19. Ba3 Qc7 20. exf5 Kf7 21. c5 Re8 22. dxe5 Nxe5 23. Qxf4 Rb8 24. Rbd1 Nxf3+ 25. Qxf3 Rxe1+ 26. Rxe1 Qe5 27. Rd1 Qxf5 28. Qxc6 Rb1 29. Qd6 Be5 0-1

[Event "Dimitrovgrad IM-B"]
[Site "Dimitrovgrad"]
[Date "2024.06.06"]
[Round "1"]
[White "Tilicheev, Viacheslav"]
[Black "Tomic, Aleksandar1"]
[Result "1/2-1/2"]
[WhiteElo "2477"]
[BlackElo "2388"]
[PlyCount "33"]
[EventDate "2024.06.06"]
[EventType "tourn"]
[EventRounds "9"]
[EventCountry "SRB"]
[SourceTitle "CBM 220 Extra"]
[Source "ChessBase"]
[SourceDate "2024.07.31"]
[SourceVersion "1"]
[SourceVersionDate "2024.07.31"]
[SourceQuality "1"]

1. d4 Nf6 2. c4 e6 3. Nf3 d5 4. g3 h6 5. Bg2 Bd6 6. 0-0 0-0 7. Qc2 b6 8. c5 Be7 9. b4 c6 10. Bb2 a5 11. a3 axb4 12. axb4 Rxa1 13. Bxa1 Ba6 14. Nc3 Nbd7 15. Rd1 Qc7 16. e4 dxe4 17. Nxe4 1/2-1/2